The body and everyday life (Record no. 12760)
[ view plain ]
| 000 -LEADER | |
|---|---|
| fixed length control field | 01397nam a2200361Ia 4500 |
| 001 - CONTROL NUMBER | |
| control field | 9780203392348 |
| 003 - CONTROL NUMBER IDENTIFIER | |
| control field | BD-DhSAU |
| 005 - DATE AND TIME OF LATEST TRANSACTION | |
| control field | 20151012151721.0 |
| 006 - FIXED-LENGTH DATA ELEMENTS--ADDITIONAL MATERIAL CHARACTERISTICS | |
| fixed length control field | a|||||s||||||||||| |
| 007 - PHYSICAL DESCRIPTION FIXED FIELD--GENERAL INFORMATION | |
| fixed length control field | cr|||| |
| 008 - FIXED-LENGTH DATA ELEMENTS--GENERAL INFORMATION | |
| fixed length control field | 130325s2013 enk sb 001 0 eng d |
| 020 ## - INTERNATIONAL STANDARD BOOK NUMBER | |
| International Standard Book Number | 9780203392348 (e-book : PDF) |
| 040 ## - CATALOGING SOURCE | |
| Original cataloging agency | BD-DhSAU |
| Transcribing agency | BD-DhSAU |
| 090 ## - LOCALLY ASSIGNED LC-TYPE CALL NUMBER (OCLC); LOCAL CALL NUMBER (OCLC) | |
| Classification number (OCLC) (R) ; Classification number, CALL (RLIN) (NR) | HM636 |
| Local cutter number (OCLC) ; Book number/undivided call number, CALL (RLIN) | .T475 2013 |
| 092 ## - LOCALLY ASSIGNED DEWEY CALL NUMBER (OCLC) | |
| Classification number | 306.4613 |
| Item number | T457 |
| 100 1# - MAIN ENTRY--PERSONAL NAME | |
| Personal name | Thomas, Helen, |
| Dates associated with a name | 1947- |
| 245 14 - TITLE STATEMENT | |
| Title | The body and everyday life |
| Medium | [electronic resource] / |
| Statement of responsibility, etc. | Helen Thomas. |
| 260 ## - PUBLICATION, DISTRIBUTION, ETC. (IMPRINT) | |
| Place of publication, distribution, etc. | Abingdon, Oxon : |
| Name of publisher, distributor, etc. | Routledge, |
| Date of publication, distribution, etc. | 2013. |
| 300 ## - PHYSICAL DESCRIPTION | |
| Extent | 173 p. |
| 490 1# - SERIES STATEMENT | |
| Series statement | New sociology |
| 504 ## - BIBLIOGRAPHY, ETC. NOTE | |
| Bibliography, etc | Includes bibliographical references (p. [142]-164) and index. |
| 505 0# - FORMATTED CONTENTS NOTE | |
| Formatted contents note | 1. Introduction : enter 'the body' -- 2. Performing the body -- 3. Performing gender : the 'body' in question -- 4. Ethnographies of the body : absent-presence -- 5. Older bodies : performing age, ageing and invisibility. |
| 530 ## - ADDITIONAL PHYSICAL FORM AVAILABLE NOTE | |
| Additional physical form available note | Also available in print edition. |
| 538 ## - SYSTEM DETAILS NOTE | |
| System details note | Mode of access: World Wide Web. |
| 650 #0 - SUBJECT ADDED ENTRY--TOPICAL TERM | |
| Topical term or geographic name as entry element | Human body |
| General subdivision | Social aspects. |
| 650 #0 - SUBJECT ADDED ENTRY--TOPICAL TERM | |
| Topical term or geographic name as entry element | Human body in popular culture. |
| 650 #0 - SUBJECT ADDED ENTRY--TOPICAL TERM | |
| Topical term or geographic name as entry element | Human figure in art. |
| 650 #0 - SUBJECT ADDED ENTRY--TOPICAL TERM | |
| Topical term or geographic name as entry element | Body image. |
| 655 #7 - INDEX TERM--GENRE/FORM | |
| Genre/form data or focus term | Electronic books. |
| Source of term | lcsh |
| 776 1# - ADDITIONAL PHYSICAL FORM ENTRY | |
| International Standard Book Number | 9780415331111 (hardback) |
| -- | 9780415331128 (pbk.) |
| 830 #0 - SERIES ADDED ENTRY--UNIFORM TITLE | |
| Uniform title | New sociology series. |
| 856 40 - ELECTRONIC LOCATION AND ACCESS | |
| Uniform Resource Identifier | <a href="http://www.tandfebooks.com/isbn/9780203392348">http://www.tandfebooks.com/isbn/9780203392348</a> |
No items available.
